| 000 | 00525nam a2200181Ia 4500 | ||
|---|---|---|---|
| 008 | 140529s9999 xx 000 0 und d | ||
| 020 | _a9719268888 | ||
| 050 |
_aHB 3649 _b.An54 2009 |
||
| 100 | _aAng, Armando. | ||
| 245 |
_aOverpopulated Philippines / _cArmando Ang |
||
| 260 |
_a[Manila, Philippines] : _bArmando Ang, _cc2009. |
||
| 300 |
_a383 p. ; _c23 cm. |
||
| 500 | _aIncludes bibliographical references and index. | ||
| 521 | _aGE | ||
| 650 |
_aPhilippines _xPopulation. |
||
| 942 |
_kLOC _cBK |
||
| 999 |
_c117702 _d117702 |
||